Statistics for Biggest Cities in Portugal

Click here to take the quiz!

General Stats

  • This quiz has been taken 15,966 times
    (15,521 since last reset)
  • The average score is 5 of 15

Answer Stats

PopulationCity% Correct
547,631Lisbon
100%
237,559Porto
94%
143,532Braga
58%
143,396Coimbra
48%
90,640Setúbal
38%
66,912Guimarães
31%
111,892Funchal
30%
67,003Aveiro
28%
186,503Vila Nova de Gaia
25%
66,143Viseu
23%
175,135Amadora
21%
101,500Almada
19%
78,764Barreiro
10%
121,000Agualva-Cacém
9%
75,179Queluz
9%

Score Distribution

Percentile by Number Answered

Percent of People with Each Score

Your Score History

You have not taken this quiz since the last reset